000
00284nam a22001337a 4500
008
180201b xxu||||| |||| 00| 0 eng d
020
_a
0192622056
041
_a
eng
080
_a
61
100
_a
3
101
_a
SHM
245
_a
Teaching epidoemiology
_c
Olsen,J
942
_2
udc
_c
BK
999
_c
41476
_d
41476